000 00854cam a2200253 i 4500
008
020 _a0600331458 (hbk.)
049 _aMAIN
090 _aREF U42
_bENC
245 0 4 _aThe Encyclopedia of land warfare in the 20th century /
_c[Shelford Bidwell et al. ; editor Ray Bonds].
260 _aLondon :
_bSpring Books,
_c1977.
300 _a248 p. :
_bill. (chiefly col.), 4 col. facsims., col. maps, ports. :
_c31 cm.
500 _aIncludes index.
650 0 _aMilitary art and science
_xHistory
_y20th century.
650 0 _aMilitary history, Modern
_y20th century.
700 1 _aBidwell, Shelford.
700 _aFoss, Christopher F.
700 _aBond, Brian.
907 _a.b10376306
_b18-10-16
_c18-10-16
003
005 20230123122233.0
040 _cNUST
942 _cBOOKS
_kREF U42
_mENC
999 _c130167
_d130167